000
00340 a2200157 4500
001
190532
020
_a
978-84-668-1025-8
040
_c
Magnum
100
_a
Bloese, Jacquie
240
1
0
_a
X-men: the last stand
_l
ING
245
1
0
_a
X-men: the last stand
300
_a
64
362
0
_a
2007
697
_a
LITERATURA INGLESA
942
_c
BK
999
_c
190532
_d
190532